Santiago stencil
Saved in:
| Main Authors: | , |
|---|---|
| Format: | Book |
| Language: | Spanish |
| Published: |
Santiago
Cuarto propio
2007
|
| Edition: | 1a. ed |
| Subjects: | |
| Tags: |
Add Tag
No Tags, Be the first to tag this record!
|
MARC
| LEADER | 00000nam a2200000 a 4500 | ||
|---|---|---|---|
| 001 | UCI5460 | ||
| 003 | CL-VaPUC | ||
| 008 | 080328e20070000CL |||||||||||||||||spa|d | ||
| 020 | |a 9789562604277 | ||
| 082 | 0 | 4 | |a 751.73 |b CAM |2 21 |
| 100 | 0 | |a Campos S., Edwin |e author |9 527847 | |
| 700 | 0 | |a Meller, Alan |e author |9 527848 | |
| 245 | 1 | 0 | |a Santiago stencil |
| 250 | |a 1a. ed | ||
| 300 | |a 177 p | ||
| 942 | |c BK | ||
| 945 | |d 20080328 00:00:00 |a jtorresc | ||
| 260 | |a Santiago |b Cuarto propio |c 2007 | ||
| 650 | 7 | |a GRAFFITI |2 CL-VaPUC |9 527849 | |
| 650 | 0 | |a Murales |9 367491 | |
| 650 | 7 | |a ESCRITURA MANUSCRITA |2 CL-VaPUC |9 336432 | |
| 583 | |a last modification |c 20080328 00:00:00 |k Rodrigo Vera | ||
| 999 | |c 329201 |d 329199 | ||
| 952 | |0 0 |1 0 |4 0 |6 751_730000000000000_CAM_2007 |7 0 |8 A |9 413570 |a BIBCUR |b BIBCUR |d 2019-11-22 |i 4420349 |o 751.73 CAM 2007 |p 4420349 |r 2025-04-22 |w 2019-11-22 |y BK |k PER | ||